Malomestské rozprávky (Record no. 20666)
[ view plain ]
| 000 -LEADER | |
|---|---|
| fixed length control field | 01903nam a22005413a 4500 |
| 001 - CONTROL NUMBER | |
| control field | 20666 |
| 003 - CONTROL NUMBER IDENTIFIER | |
| control field | VRT |
| 005 - DATE AND TIME OF LATEST TRANSACTION | |
| control field | 20260128150457.0 |
| 008 - FIXED-LENGTH DATA ELEMENTS--GENERAL INFORMATION | |
| fixed length control field | 160601s2016 yu g 000 j slo d |
| 020 ## - INTERNATIONAL STANDARD BOOK NUMBER | |
| International Standard Book Number | 9788651703143 (brož.) |
| 035 ## - SYSTEM CONTROL NUMBER | |
| System control number | a000561649 |
| 039 #9 - LEVEL OF BIBLIOGRAPHIC CONTROL AND CODING DETAIL [OBSOLETE] | |
| Level of rules in bibliographic description | 201702171350 |
| Level of effort used to assign nonsubject heading access points | edita |
| Level of effort used to assign subject headings | 201702171345 |
| Level of effort used to assign classification | edita |
| Level of effort used to assign subject headings | 201610050923 |
| Level of effort used to assign classification | drlickoj |
| Level of effort used to assign subject headings | 201609271258 |
| Level of effort used to assign classification | pechova |
| 040 ## - CATALOGING SOURCE | |
| Original cataloging agency | UKB |
| Language of cataloging | slo |
| Transcribing agency | UKB |
| Description conventions | AACR2 |
| 041 0# - LANGUAGE CODE | |
| Language code of text/sound track or separate title | slo |
| 044 ## - COUNTRY OF PUBLISHING/PRODUCING ENTITY CODE | |
| MARC country code | yu |
| ISO country code | RS |
| MARC country code | xo |
| ISO country code | SK |
| 072 #7 - SUBJECT CATEGORY CODE | |
| Subject category code | 821.162.4-3 |
| Subject category code subdivision | Slovenská próza |
| Source | konspekt |
| 080 ## - UNIVERSAL DECIMAL CLASSIFICATION NUMBER | |
| Universal Decimal Classification number | 821.162.4-32 |
| Edition identifier | 2004 |
| 080 ## - UNIVERSAL DECIMAL CLASSIFICATION NUMBER | |
| Universal Decimal Classification number | (0:82-32) |
| Edition identifier | 2004 |
| 100 1# - MAIN ENTRY--PERSONAL NAME | |
| Personal name | Jesenský, Janko, |
| Dates associated with a name | 1874-1945 |
| 245 10 - TITLE STATEMENT | |
| Title | Malomestské rozprávky |
| Statement of responsibility, etc. | Janko Jesenský |
| 250 ## - EDITION STATEMENT | |
| Edition statement | 1. vyd. |
| 260 ## - PUBLICATION, DISTRIBUTION, ETC. | |
| Place of publication, distribution, etc. | [Beograd] |
| Name of publisher, distributor, etc. | Liber Novus |
| Date of publication, distribution, etc. | 2016 |
| 300 ## - PHYSICAL DESCRIPTION | |
| Extent | 63 s. |
| 490 1# - SERIES STATEMENT | |
| Series statement | Slovenská klasika |
| Volume/sequential designation | 10 |
| 500 ## - GENERAL NOTE | |
| General note | Vyd. v spolupr. s Ringier Axel Springer Slovakia |
| 500 ## - GENERAL NOTE | |
| General note | Vyd. pre denník Nový Čas v rámci proj. Nový Čas Knižnica |
| 653 ## - INDEX TERM--UNCONTROLLED | |
| Uncontrolled term | 821.162.4-32 |
| 653 ## - INDEX TERM--UNCONTROLLED | |
| Uncontrolled term | (0:82-32) |
| 655 #7 - INDEX TERM--GENRE/FORM | |
| Genre/form data or focus term | slovenské poviedky |
| Source of term | UKBPH |
| 830 #0 - SERIES ADDED ENTRY--UNIFORM TITLE | |
| Uniform title | Slovenská klasika |
| 910 ## - USER-OPTION DATA (OCLC) | |
| User-option data | ukb |
| 942 ## - ADDED ENTRY ELEMENTS (KOHA) | |
| Source of classification or shelving scheme | Dewey Decimal Classification |
| Koha item type | Krásna literatúra pre dospelých |
| Suppress in OPAC | No |
| 949 ## - LOCAL PROCESSING INFORMATION (OCLC) | |
| 6 | 1800688544 |
| a | SJ.D.07264 |
| b | PV.2016-7840 |
| 949 ## - LOCAL PROCESSING INFORMATION (OCLC) | |
| 6 | 1800688545 |
| a | SK.D.74376 |
| b | PV.2016-7841 |
| s | 6707:20161007 |
| 949 ## - LOCAL PROCESSING INFORMATION (OCLC) | |
| 6 | 1800688546 |
| a | 33.D.33059 |
| b | DD.2016-371 |
| 949 ## - LOCAL PROCESSING INFORMATION (OCLC) | |
| 6 | 1800688547 |
| a | 33.D.33059 |
| b | DD.2016-372 |
| 949 ## - LOCAL PROCESSING INFORMATION (OCLC) | |
| 6 | 1800688548 |
| a | 33.D.33059 |
| b | DD.2016-373 |
| 949 ## - LOCAL PROCESSING INFORMATION (OCLC) | |
| 6 | 1800688549 |
| a | 33.D.33059 |
| b | DD.2016-374 |
| 949 ## - LOCAL PROCESSING INFORMATION (OCLC) | |
| 6 | 1800688550 |
| a | 33.D.33059 |
| b | DD.2016-375 |
| 949 ## - LOCAL PROCESSING INFORMATION (OCLC) | |
| 6 | 1800688551 |
| a | 33.D.33059 |
| b | DD.2016-376 |
| 949 ## - LOCAL PROCESSING INFORMATION (OCLC) | |
| 6 | 1800688552 |
| a | 33.D.33059 |
| b | DD.2016-377 |
| 949 ## - LOCAL PROCESSING INFORMATION (OCLC) | |
| 6 | 1800716624 |
| a | 33.D.33059 |
| b | DD.2017-33 |
| 949 ## - LOCAL PROCESSING INFORMATION (OCLC) | |
| 6 | 1800716625 |
| a | 33.D.33059 |
| b | DD.2017-34 |
| 949 ## - LOCAL PROCESSING INFORMATION (OCLC) | |
| 6 | 1800716626 |
| a | 33.D.33059 |
| b | DD.2017-35 |
| 949 ## - LOCAL PROCESSING INFORMATION (OCLC) | |
| 6 | 1800716627 |
| a | 33.D.33059 |
| b | DD.2017-36 |
| 949 ## - LOCAL PROCESSING INFORMATION (OCLC) | |
| 6 | 1800716628 |
| a | 33.D.33059 |
| b | DD.2017-37 |
| 949 ## - LOCAL PROCESSING INFORMATION (OCLC) | |
| 6 | 1800716629 |
| a | 33.D.33059 |
| b | DD.2017-38 |
| Stav vyradenia | Strata | Poškodenie | Spôsob nadobudnutia | Domovská knižnica | Aktuálna knižnica | Dátum nadobudnutia | Total checkouts | Čiarový kód exemplára | Date last seen | Typ exemplára |
|---|---|---|---|---|---|---|---|---|---|---|
| Dar | Obecná knižnica Horná Štubňa | Obecná knižnica Horná Štubňa | 28.01.2026 | 9788651703143 | 28.01.2026 | Krásna literatúra pre dospelých |
